| 000 | 01081nam a2200289Ia 4500 | ||
|---|---|---|---|
| 001 | G2565 | ||
| 003 | IT-RoPAU | ||
| 008 | 130308s9999 xx 000 0 und d | ||
| 040 | _aIT-RoPAU | ||
| 040 | _cIT-RoPAU | ||
| 041 | _aFRANCESE | ||
| 100 | _aBarbier René | ||
| 100 | _gCodice Aut. SPICS: 54276 | ||
| 245 | _aAlteration et metissage axiologique | ||
| 245 | _bParcours, passages et Paradoxes de L'Interculturel | ||
| 250 | _a1a ed. | ||
| 260 | _aPARIS | ||
| 260 | _bAnthropos | ||
| 260 | _c1999 [1° Ed.:1999 - Ed.Ling.Originale:1999] | ||
| 300 | _a"27 p. (prefazione: no ; testo: 27 [pagine: 113-139])" | ||
| 500 | _aAlterazione e Ibridazione Assiologica. Ingombro psichico del Cittadino. cittadinanza Assicurativa ed Educazione Minuscola. cittadinanza plurale ed Educazione Maiuscola. Rivoluzione del Silenzio. Accettare L'Alterazione. Indeterminazione della Vita Culturale e Sociale. Interferenza dei Valori. Valori di Crescita. | ||
| 650 | _aSAGGI DI ANTROPOLOGIA | ||
| 650 | _eCodice materia Spics: 3507 | ||
| 942 | _cBK | ||
| 957 | _71 | ||
| 999 |
_c78780 _d78780 |
||
| 999 | _g1 | ||